Countries by Its Video Games - Statistics

General Stats
  • This quiz has been taken 31 times
  • The average score is 13 of 18
Answer Stats
Video Games Country % Correct
Final Fantasy / Nier / Yakuza Japan
97%
Black & White / Fable / Sudeki United Kingdom
97%
Valiant Hearts: The Great War / Syberia / Vampyr France
93%
The Last of Us / Diablo / Half-Life United States
93%
Genshin Impact / Zenless Zone Zero / Bright Memory China
90%
Gothic / Sacred / Hunt: Showdown Germany
90%
Blasphemous / Gris / Bleak Sword Spain
86%
Assassin's Creed / Company of Heroes / For Honor Canada
83%
Hotline Miami / Wolfenstein: The New Order / PEAK Sweden
79%
Pathfinder: Kingmaker / Loop Hero / Black Book Russia
76%
Dave the Diver / Point Blank / Lineage II South Korea
76%
Max Payne / Alan Wake / Control Finland
62%
Ruiner / Carrion / Frostpunk Poland
62%
S.T.A.L.K.E.R. / Cradle / You Are Empty Ukraine
62%
Total Overdose / Hitman / Freedom Fighters Denmark
55%
Kingdom Come: Deliverance / Hidden & Dangerous / Mafia Czech Republic
52%
Nine Sols / Silent Hill f / Thymesia Taiwan
38%
Anger Foot / Toxic Bunny / Broforce South Africa
28%
No matching quizzes found
Score Distribution
Percent of People with Each Score
Percentile by Number Answered
Your Score History
You have not taken this quiz